Handball: les Finales de l'équipe de France - Statistiques

Statistiques générales
  • Ce quiz a été pris 570 fois
  • Le résultat moyen est 7 sur 8
Statistiques - réponses
Réponse % Correct
Danemark
98%
Suède
97%
Croatie
93%
Norvège
93%
Espagne
92%
Qatar
86%
Russie
76%
Islande
72%
Aucun quiz correspondant
Distribution des résultats
% des personnes avec chaque résultat
Percentile par nombre de réponses
Votre historique - résultats
Vous n’avez pas pris ce quiz